000 00726nam a22002177a 4500
999 _c4378
_d4378
003 AR-CdUCM
008 190308b ||||| |||| 00| 0 eng d
040 _aMUNICIPALIDAD PROVINCIAL DEL CUSCO
_cBIBLIOTECA MUNICIPAL DEL CUSCO
082 _a770.973 /
_bG56
100 _aKing Gleason, David
_913824
245 _aOver Miami :
_bAerial Photographs and text /
260 _aU.S.A :
_bLouisiana Statet University ,
_c1990.
300 _a136 páginas ;
_c27 cm.
500 _aEsta en su idioma de origen a full color
505 _aFotografia descriptiva...
650 _aFotografia Panoramica
_913825
650 _aFotografia U.S.A.
_913826
650 _aFotografia Paisajistica.
_913805
942 _2ddc
_cLIBROS
945 _artm